[Event "Regionalliga SO 1415"]
[Site "Bayern"]
[Date "2014.10.19"]
[Round "1.6"]
[White "Loew, Peter"]
[Black "Leckner, Horst"]
[Result "1-0"]
[WhiteElo "1969"]
[BlackElo "1856"]
[PlyCount "119"]
[EventDate "2014.10.19"]
[EventType "team-tourn"]
[EventRounds "9"]
[EventCountry "GER"]
[SourceTitle "EXT 2018"]
[Source "ChessBase"]
[SourceDate "2017.10.13"]
[SourceVersion "1"]
[SourceVersionDate "2017.10.13"]
[SourceQuality "1"]
[WhiteTeam "Waldkraiburg"]
[BlackTeam "Tegernsee"]
[WhiteTeamCountry "GER"]
[BlackTeamCountry "GER"]

1. e4 e5 2. Nf3 Nc6 3. Bb5 a6 4. Ba4 Bc5 5. d3 b5 6. Bb3 h6 7. c3 Nf6 8. 0-0 d6 9. d4 exd4 10. cxd4 Bb6 11. h3 0-0 12. Nc3 Bb7 13. a3 Re8 14. Re1 Ba5 15. Bc2 b4 16. axb4 Bxb4 17. Bf4 Na7 18. Qb1 Nb5 19. Bd2 Bxc3 20. bxc3 Rb8 21. d5 Na7 22. Qc1 c6 23. c4 Nd7 24. Bf4 Ne5 25. Nxe5 dxe5 26. Be3 Ra8 27. Bb3 Nc8 28. Rd1 Qe7 29. c5 Na7 30. Qc4 Nb5 31. Rd3 Rad8 32. Rad1 Rd7 33. f3 Red8 34. Kh2 Kh7 35. Qb4 Kg8 36. Qc4 Kh7 37. Kg1 Kg8 38. Kf2 Kh7 39. Kg3 Na3 40. Qb4 Nb5 41. Kh2 g5 42. Qe1 f6 43. h4 Kg7 44. Qg3 Kg6 45. d6 Qe8 46. Qg4 Rh7 47. Be6 Rh8 48. Rh1 Nc7 49. Bf5+ Kg7 50. Rb1 Nb5 51. Kg1 Kf8 52. Kf2 Qf7 53. Be6 Qg7 54. Rbd1 Rh7 55. g3 Rh8 56. Qh5 Rh7 57. Rh1 Nc7 58. Bf5 Rh8 59. hxg5 Rg8 60. g6 1-0

[Event "Regionalliga SO 1314"]
[Site "Bayern"]
[Date "2014.02.23"]
[Round "7.6"]
[White "Fuchsgruber, Helmut"]
[Black "Leckner, Horst"]
[Result "0-1"]
[WhiteElo "1766"]
[BlackElo "1843"]
[PlyCount "52"]
[EventDate "2013.10.13"]
[EventType "team-tourn"]
[EventRounds "9"]
[EventCountry "GER"]
[SourceTitle "EXT 2015"]
[Source "ChessBase"]
[SourceDate "2014.11.20"]
[SourceVersion "1"]
[SourceVersionDate "2014.11.20"]
[SourceQuality "1"]
[WhiteTeam "Landau Dingolfing"]
[BlackTeam "Tegernsee"]
[WhiteTeamCountry "GER"]
[BlackTeamCountry "GER"]

1. d4 d5 2. Nf3 Nf6 3. e3 c6 4. Bd3 e6 5. Nbd2 Bd6 6. 0-0 Nbd7 7. Re1 0-0 8. e4 dxe4 9. Nxe4 Nxe4 10. Rxe4 Nf6 11. Rh4 Be7 12. Ne5 g6 13. Bh6 Nd7 14. Rh3 Re8 15. Bxg6 fxg6 16. Nxg6 hxg6 17. Qg4 Kf7 18. Re1 Nf6 19. Rf3 Rh8 20. Bg5 Kg7 21. Qf4 Rh5 22. Re5 Rxg5 23. Rxg5 Bd6 24. Qh4 Bd7 25. g3 Qe7 26. c4 Nh7 0-1

[Event "Regionalliga SO 1314"]
[Site "Bayern"]
[Date "2014.02.09"]
[Round "6.4"]
[White "Leckner, Horst"]
[Black "Stadler, Alexander"]
[Result "0-1"]
[WhiteElo "1843"]
[BlackElo "2084"]
[PlyCount "74"]
[EventDate "2013.10.13"]
[EventType "team-tourn"]
[EventRounds "9"]
[EventCountry "GER"]
[SourceTitle "EXT 2015"]
[Source "ChessBase"]
[SourceDate "2014.11.20"]
[SourceVersion "1"]
[SourceVersionDate "2014.11.20"]
[SourceQuality "1"]
[WhiteTeam "Tegernsee"]
[BlackTeam "Deggendorf"]
[WhiteTeamCountry "GER"]
[BlackTeamCountry "GER"]

1. e4 d6 2. d4 Nf6 3. Nc3 e5 4. dxe5 dxe5 5. Qxd8+ Kxd8 6. Bg5 Be6 7. 0-0-0+ Kc8 8. Bxf6 gxf6 9. g3 Bc5 10. f3 Nd7 11. Kb1 c6 12. Bh3 Kc7 13. Bxe6 fxe6 14. Nge2 b5 15. Nc1 h5 16. h3 Rhg8 17. g4 f5 18. exf5 exf5 19. gxf5 Raf8 20. Ne4 Bb6 21. h4 Rxf5 22. Ng5 Rg6 23. Ne2 Bf2 24. Ne4 Rxf3 25. Rdf1 Re3 26. N4c3 Rf6 27. Rh2 Bxh4 28. Rxf6 Bxf6 29. Nd1 Re4 30. Ng3 Re1 31. Rh1 Rxh1 32. Nxh1 Kd6 33. Ndf2 h4 34. Kc1 Ke6 35. Kd1 Kf5 36. Ke2 e4 37. Nh3 Bxb2 0-1

[Event "Regionalliga SO 1314"]
[Site "Bayern"]
[Date "2014.01.19"]
[Round "5.6"]
[White "Lippert, Frank"]
[Black "Leckner, Horst"]
[Result "1/2-1/2"]
[WhiteElo "1988"]
[BlackElo "1843"]
[PlyCount "55"]
[EventDate "2013.10.13"]
[EventType "team-tourn"]
[EventRounds "9"]
[EventCountry "GER"]
[SourceTitle "EXT 2015"]
[Source "ChessBase"]
[SourceDate "2014.11.20"]
[SourceVersion "1"]
[SourceVersionDate "2014.11.20"]
[SourceQuality "1"]
[WhiteTeam "Graefelfing"]
[BlackTeam "Tegernsee"]
[WhiteTeamCountry "GER"]
[BlackTeamCountry "GER"]

1. Nf3 d5 2. d4 Nf6 3. c4 e6 4. Nc3 c6 5. e3 Nbd7 6. Bd3 Bd6 7. 0-0 0-0 8. e4 dxe4 9. Nxe4 Nxe4 10. Bxe4 h6 11. b3 Nf6 12. Bc2 b6 13. Bb2 Bb7 14. Ne5 c5 15. dxc5 Bxc5 16. Ng4 Nxg4 17. Qxg4 Qg5 18. Qxg5 hxg5 19. Rfd1 Rfd8 20. Kf1 f6 21. f3 Kf7 22. Ke2 g4 23. Rxd8 Rxd8 24. Rd1 gxf3+ 25. gxf3 Rxd1 26. Bxd1 Kg6 27. Bc3 Kg5 28. Be1 1/2-1/2

[Event "Regionalliga SO 1314"]
[Site "Bayern"]
[Date "2013.11.24"]
[Round "3.5"]
[White "Leckner, Horst"]
[Black "Gschwendtner, Klaus"]
[Result "0-1"]
[WhiteElo "1843"]
[BlackElo "2030"]
[PlyCount "82"]
[EventDate "2013.10.13"]
[EventType "team-tourn"]
[EventRounds "9"]
[EventCountry "GER"]
[SourceTitle "EXT 2015"]
[Source "ChessBase"]
[SourceDate "2014.11.20"]
[SourceVersion "1"]
[SourceVersionDate "2014.11.20"]
[SourceQuality "1"]
[WhiteTeam "Tegernsee"]
[BlackTeam "Starnberger See"]
[WhiteTeamCountry "GER"]
[BlackTeamCountry "GER"]

1. e4 e5 2. Nf3 Nc6 3. Bc4 Nf6 4. d3 Bc5 5. Bg5 h6 6. Bh4 d6 7. h3 Be6 8. Bb3 g5 9. Bg3 Nh5 10. Nc3 Nf4 11. Bxf4 gxf4 12. Bxe6 fxe6 13. Na4 Qf6 14. Nxc5 dxc5 15. c3 0-0-0 16. Qc2 Rhg8 17. Rg1 Rd7 18. 0-0-0 Rdg7 19. Ne1 Qh4 20. Qe2 Nd8 21. Rd2 Nf7 22. Rh1 Qf6 23. Rd1 b6 24. Kc2 Kb7 25. Kb1 a5 26. a4 Nd6 27. d4 cxd4 28. cxd4 exd4 29. e5 Qf5+ 30. Ka1 Ne4 31. Rxd4 Nc5 32. Ka2 Rg5 33. Nf3 Rxg2 34. Nh4 f3 35. Nxf5 fxe2 36. Ne3 Rg1 37. Rxg1 Rxg1 38. Nc2 e1Q 39. Nxe1 Rxe1 40. Rh4 Rxe5 41. Rxh6 Nxa4 0-1

[Event "Regionalliga SO 1314"]
[Site "Bayern"]
[Date "2013.11.10"]
[Round "2.6"]
[White "Leckner, Horst"]
[Black "Kunz, Heinz"]
[Result "1-0"]
[WhiteElo "1843"]
[BlackElo "1849"]
[PlyCount "59"]
[EventDate "2013.10.13"]
[EventType "team-tourn"]
[EventRounds "9"]
[EventCountry "GER"]
[SourceTitle "EXT 2015"]
[Source "ChessBase"]
[SourceDate "2014.11.20"]
[SourceVersion "1"]
[SourceVersionDate "2014.11.20"]
[SourceQuality "1"]
[WhiteTeam "Tegernsee"]
[BlackTeam "Landshut"]
[WhiteTeamCountry "GER"]
[BlackTeamCountry "GER"]

1. e4 d6 2. d4 Nf6 3. Nc3 g6 4. Be2 Bg7 5. Be3 a6 6. Qd2 b5 7. f3 Nbd7 8. Bh6 0-0 9. h4 c5 10. d5 Nb6 11. h5 b4 12. Nd1 Re8 13. hxg6 fxg6 14. Bxg7 Kxg7 15. Qh6+ Kf7 16. g4 Rh8 17. Nh3 Qf8 18. Ng5+ Ke8 19. Ne3 Qxh6 20. Rxh6 Kf8 21. 0-0-0 Kg7 22. Rdh1 Nbd7 23. Ne6+ Kg8 24. Ng2 Nf8 25. Nxf8 Kxf8 26. Nf4 Kf7 27. g5 Nh5 28. Nxg6 hxg6 29. Rxh8 Ng3 30. R1h7# 1-0

[Event "Bad Wiessee Seniors op"]
[Site "Bad Wiessee"]
[Date "2012.04.27"]
[Round "7"]
[White "Leckner, Horst"]
[Black "Krylova, Marina"]
[Result "1-0"]
[WhiteElo "1894"]
[BlackElo "1950"]
[PlyCount "69"]
[EventDate "2012.04.21"]
[EventType "swiss"]
[EventRounds "9"]
[EventCountry "GER"]
[SourceTitle "EXT 2015"]
[Source "ChessBase"]
[SourceDate "2014.11.20"]
[SourceVersion "1"]
[SourceVersionDate "2014.11.20"]
[SourceQuality "1"]

1. e4 c5 2. Nf3 Nc6 3. c3 d5 4. exd5 Qxd5 5. d4 e5 6. Nxe5 Nxe5 7. dxe5 Qxe5+ 8. Be3 Bd7 9. Be2 0-0-0 10. Qc2 f5 11. Nd2 Nf6 12. 0-0-0 f4 13. Nf3 Qc7 14. Bd2 g6 15. Ng5 Bf5 16. Qa4 Nd5 17. Qxa7 Qe7 18. Bf3 Qxg5 19. c4 Be6 20. cxd5 Bxd5 21. Bxd5 Rxd5 22. Qa8+ Kc7 23. Ba5+ Kc6 24. Qe8+ Kd6 25. Rxd5+ Qxd5 26. Rd1 Qxd1+ 27. Kxd1 Bg7 28. Qb5 Bd4 29. Qxb7 Rf8 30. Qxh7 Bxb2 31. Qxg6+ Rf6 32. Qd3+ Kc6 33. Bc3 Bxc3 34. Qxc3 Rd6+ 35. Kc2 1-0

[Event "Bad Wiessee Seniors op"]
[Site "Bad Wiessee"]
[Date "2012.04.21"]
[Round "1"]
[White "Leckner, Horst"]
[Black "Forgach, Andreas"]
[Result "1/2-1/2"]
[WhiteElo "1894"]
[BlackElo "1844"]
[PlyCount "36"]
[EventDate "2012.04.21"]
[EventType "swiss"]
[EventRounds "9"]
[EventCountry "GER"]
[SourceTitle "EXT 2015"]
[Source "ChessBase"]
[SourceDate "2014.11.20"]
[SourceVersion "1"]
[SourceVersionDate "2014.11.20"]
[SourceQuality "1"]

1. e4 c5 2. Nf3 Nc6 3. c3 Nf6 4. e5 Nd5 5. d4 cxd4 6. cxd4 d6 7. Bc4 Nb6 8. Bb5 dxe5 9. Nxe5 Bd7 10. Bxc6 Bxc6 11. Nxc6 bxc6 12. Nc3 g6 13. 0-0 Bg7 14. Be3 0-0 15. Rc1 Qd7 16. Ne4 Qd5 17. Nc3 Qd7 18. b3 Qh3 1/2-1/2

[Event "Landesliga Sued 0910"]
[Site "Bayern"]
[Date "2009.12.13"]
[Round "4.6"]
[White "Leckner, Horst"]
[Black "Erler, Herbert"]
[Result "0-1"]
[WhiteElo "1893"]
[BlackElo "2030"]
[PlyCount "70"]
[EventDate "2009.10.18"]
[EventType "team-tourn"]
[EventRounds "9"]
[EventCountry "GER"]
[SourceTitle "EXT 2011"]
[Source "ChessBase"]
[SourceDate "2010.11.26"]
[SourceVersion "1"]
[SourceVersionDate "2010.11.26"]
[SourceQuality "1"]
[WhiteTeam "Tegernsee"]
[BlackTeam "Weilheim"]
[WhiteTeamCountry "GER"]
[BlackTeamCountry "GER"]

1. e4 d6 2. d4 g6 3. Nf3 Bg7 4. h3 Nf6 5. Nc3 0-0 6. Be3 Nbd7 7. Bd3 e5 8. 0-0 c6 9. Qe2 Re8 10. Rad1 Qe7 11. dxe5 dxe5 12. Nd2 Nc5 13. Nb3 Nxb3 14. axb3 Nh5 15. Qf3 b5 16. Ne2 f5 17. Ng3 Nf6 18. Bg5 f4 19. Ne2 h6 20. Bxf6 Bxf6 21. Kh2 Be6 22. g3 g5 23. Rh1 Qg7 24. gxf4 exf4 25. Rdg1 Be5 26. Rg2 Kh8 27. Kg1 Qf7 28. Kf1 Red8 29. Rhg1 Rg8 30. Nc3 a5 31. Be2 a4 32. bxa4 b4 33. Nd1 Rxa4 34. Qh5 Qxh5 35. Bxh5 Bxh3 0-1

[Event "Landesliga Sued 0910"]
[Site "Bayern"]
[Date "2009.11.15"]
[Round "2.8"]
[White "Leckner, Horst"]
[Black "Hackbarth, Wolfgang"]
[Result "1/2-1/2"]
[WhiteElo "1893"]
[BlackElo "2017"]
[PlyCount "24"]
[EventDate "2009.10.18"]
[EventType "team-tourn"]
[EventRounds "9"]
[EventCountry "GER"]
[SourceTitle "EXT 2011"]
[Source "ChessBase"]
[SourceDate "2010.11.26"]
[SourceVersion "1"]
[SourceVersionDate "2010.11.26"]
[SourceQuality "1"]
[WhiteTeam "Tegernsee"]
[BlackTeam "Rottal"]
[WhiteTeamCountry "GER"]
[BlackTeamCountry "GER"]

1. e4 e5 2. Nf3 Nc6 3. d4 exd4 4. Nxd4 Nf6 5. Bc4 Bc5 6. Be3 Nxd4 7. Bxd4 Bxd4 8. Qxd4 d6 9. Nc3 0-0 10. 0-0 Qe7 11. Rfe1 Re8 12. Re2 Be6 1/2-1/2

[Event "Landesliga Sued 0809"]
[Site "Bayern"]
[Date "2009.01.18"]
[Round "5.7"]
[White "Leckner, Horst"]
[Black "Weichlein, Paul"]
[Result "0-1"]
[WhiteElo "1966"]
[BlackElo "1771"]
[PlyCount "98"]
[EventDate "2008.10.05"]
[EventType "team-tourn"]
[EventRounds "9"]
[EventCountry "GER"]
[SourceTitle "EXT 2020"]
[Source "ChessBase"]
[SourceDate "2019.10.17"]
[SourceVersion "1"]
[SourceVersionDate "2019.10.17"]
[SourceQuality "1"]
[WhiteTeam "Tegernsee II"]
[BlackTeam "Haunstetten"]
[WhiteTeamCountry "GER"]
[BlackTeamCountry "GER"]

1. e4 c5 2. Nf3 Nc6 3. d4 cxd4 4. Nxd4 g6 5. Nxc6 bxc6 6. Qd4 Nf6 7. e5 Nd5 8. e6 f6 9. exd7+ Bxd7 10. a3 e5 11. Qh4 Qb6 12. Bd3 f5 13. 0-0 e4 14. Bc4 Be7 15. Qg3 Qc5 16. Qe5 Kf7 17. Bxd5+ Qxd5 18. Qxd5+ cxd5 19. Rd1 Ke6 20. Nc3 Bc6 21. Be3 g5 22. Ne2 Rhc8 23. Nd4+ Ke5 24. Nxc6+ Rxc6 25. Bd4+ Ke6 26. Rd2 Bc5 27. Bxc5 Rxc5 28. c3 f4 29. Rad1 Rd8 30. Kf1 Ke5 31. Ke2 a5 32. Rd4 Rd6 33. R1d2 g4 34. f3 e3 35. R2d3 Rb5 36. b4 axb4 37. axb4 Ra6 38. fxg4 Ra2+ 39. Kf1 Rf2+ 40. Kg1 Rc2 41. g3 Rc1+ 42. Rd1 Rxd1+ 43. Rxd1 f3 44. Rd3 d4 45. Rxd4 Rd5 46. Rxd5+ Kxd5 47. b5 Kc4 48. b6 Kd3 49. b7 Ke2 0-1